The new complete medical and health encyclopedia / (Record no. 20196)
[ view plain ]
| 000 -LEADER | |
|---|---|
| fixed length control field | 00558nam a2200181 a 4500 |
| 005 - DATE AND TIME OF LATEST TRANSACTION | |
| control field | 20140310183214.0 |
| 008 - FIXED-LENGTH DATA ELEMENTS--GENERAL INFORMATION | |
| fixed length control field | 081111s19uu xx 00 eng d |
| 050 ## - LIBRARY OF CONGRESS CALL NUMBER | |
| Classification number | RC 81.A2 |
| Item number | .N434 1996 |
| 100 ## - MAIN ENTRY--PERSONAL NAME | |
| Personal name | Wagman, Richard, edited by |
| 245 ## - TITLE STATEMENT | |
| Title | The new complete medical and health encyclopedia / |
| 260 ## - PUBLICATION, DISTRIBUTION, ETC. (IMPRINT) | |
| Place of publication, distribution, etc | Chicago : |
| Name of publisher, distributor, etc | J.G. Ferguson Publishing Co, |
| Date of publication, distribution, etc | 1977. |
| 300 ## - PHYSICAL DESCRIPTION | |
| Extent | 344 p. : |
| Other physical details | ill. ; |
| Dimensions | 23 cm. |
| 650 ## - SUBJECT ADDED ENTRY--TOPICAL TERM | |
| Topical term or geographic name as entry element | Medical and Heath encyclopedia. |
| 650 ## - SUBJECT ADDED ENTRY--TOPICAL TERM | |
| Topical term or geographic name as entry element | Medical encyclopedia. |
| 650 ## - SUBJECT ADDED ENTRY--TOPICAL TERM | |
| Topical term or geographic name as entry element | Health encyclopedia. |
| 942 ## - ADDED ENTRY ELEMENTS (KOHA) | |
| Koha item type | Books |
| Source of classification or shelving scheme | Library of Congress Classification |
| Withdrawn status | Lost status | Source of classification or shelving scheme | Damaged status | Home library | Current library | Shelving location | Date acquired | Total Checkouts | Full call number | Barcode | Date last seen | Copy number | Price effective from | Koha item type |
|---|---|---|---|---|---|---|---|---|---|---|---|---|---|---|
| Library of Congress Classification | College Library | College Library | Reference Section | 11/15/2013 | RC 81.A2 .N434 1996 vol.1 | C3465 | 05/15/2018 | 1 | 11/15/2013 | Books | ||||
| Library of Congress Classification | College Library | College Library | Reference Section | 11/15/2013 | RC 81.A2 .N434 1996 vol.2 | C3466 | 05/15/2018 | 1 | 11/15/2013 | Books | ||||
| Library of Congress Classification | College Library | College Library | Reference Section | 11/15/2013 | RC 81.A2 .N434 1996 vol.3 | C3467 | 05/15/2018 | 1 | 11/15/2013 | Books |